03633cam a2200445 a 450000100190000000500170001900600190003600700150005500800410007002000180011103500280012903500260015703500210018303500230020403500300022704000300025704100120028705000240029910000270032324501050035025000180045526000450047330000380051849000200055650511520057652010140172858800470274263000660278965000350285565000260289065000300291665000290294665000330297570000310300883000170303990600090305694200080306595200990307399900150317299110742344480619620260512150250.0m o d cr#cnu---unuuu130402s2013 caua ob 001 0 eng d a9781098168179 a(CaSebORM)9781098168179 a(CKB)5590000001307263 a(OCoLC)834614819 a(OCoLC-P)834614819 a(EXLCZ)995590000001307263 aOCoLC-PbengepncOCoLC-P aEnglish 4aHD62.5b.C77 2013eb aCroll, Alistair92161210aLean analytics b: use data to build a better startup faster c/ Alistair Croll, Benjamin Yoskovitz. aFirst edition aSebastopol, CA :bO'Reilly Media,c2013. axxiv, 409 pages :billustrations.1 aThe lean series0 aStop Lying to Yourself — We’re All Liars — How to Keep Score — Deciding What to Do with Your Life — Data-Driven Versus Data-Informed — Finding the Right Metric for Right Now — Analytics Frameworks — The Discipline of One Metric That Matters — What Business Are You In? — Model One: E-commerce — Model Two: Software as a Service (SaaS) — Model Three: Free Mobile App — Model Four: Media Site — Model Five: User-Generated Content — Model Six: Two-Sided Marketplaces — What Stage Are You At? — Stage One: Empathy — Stage Two: Stickiness — Stage Three: Virality — Stage Four: Revenue — Stage Five: Scale — Model + Stage Drives the Metric You Track — Lines in the Sand — Am I Good Enough? — E-commerce: Lines in the Sand — SaaS: Lines in the Sand — Free Mobile App: Lines in the Sand — Media Site: Lines in the Sand — User-Generated Content: Lines in the Sand — Two-Sided Marketplaces: Lines in the Sand — What to Do When You Don’t Have a Baseline — Putting Lean Analytics to Work — Selling into Enterprise Markets — Learn from Within: Intrapreneurs — Conclusion: Beyond Startups. aWhether you're a start-up founder aiming to disrupt an industry or an entrepreneur seeking to drive change from within, your greatest challenge is creating a product that people genuinely want. Lean Analytics guides you in the right direction. This book shows you how to validate your initial idea, identify the right customers, decide what to build, determine how to monetise your business, and spread the word effectively. Packed with over thirty case studies and insights from more than a hundred business experts, Lean Analytics offers hard-won, real-world knowledge that no entrepreneur can afford to be without. Understand Lean Start-up principles, analytics fundamentals, and the data-driven mindset: Explore six sample business models and how they apply to ventures of all sizes - Discover the One Metric That Matters to you - Learn how to draw a line in the sand, so you’ll know when it’s time to move forward - Apply Lean Analytics principles to large enterprises and established products. aOCLC-licensed vendor bibliographic record. 0aB3 DM Web Analytics & Search Engine Optimization (BiM)926975 0aNew business enterprises92621 0aEntrepreneurship9570 0aSuccess in business91506 0aMarketing research91465 0aConsumers xPsychology97445 aYoskovitz, Benjamin921611 0aLean series. aBOOK 2lcc 00102lcc40708CTaTBSbTBSd2025-10-07l0oHD62.5 CROpB07702r2025-10-07t1w2025-10-07y1 c5010d5010